<?xml version="1.0" encoding="UTF-8"?>
<record
    xmlns:xsi="http://www.w3.org/2001/XMLSchema-instance"
    xsi:schemaLocation="http://www.loc.gov/MARC21/slim http://www.loc.gov/standards/marcxml/schema/MARC21slim.xsd"
    xmlns="http://www.loc.gov/MARC21/slim">

  <leader>01609nam a2200313 a 4500</leader>
  <controlfield tag="001">000010848</controlfield>
  <controlfield tag="003">DO-SdBNP</controlfield>
  <controlfield tag="005">20230503140204.0</controlfield>
  <controlfield tag="008">091012s1978    dr b 000 0 spa d</controlfield>
  <datafield tag="020" ind1=" " ind2=" ">
    <subfield code="a">8484010139</subfield>
  </datafield>
  <datafield tag="040" ind1=" " ind2=" ">
    <subfield code="a">DO-SdBNP</subfield>
    <subfield code="b">spa</subfield>
    <subfield code="c">BPMSU </subfield>
  </datafield>
  <datafield tag="082" ind1=" " ind2="4">
    <subfield code="a">972.9307294</subfield>
    <subfield code="b">L595s 1978</subfield>
    <subfield code="2">22</subfield>
  </datafield>
  <datafield tag="100" ind1="1" ind2=" ">
    <subfield code="a">Lepellertier de Saint Remy, R.</subfield>
  </datafield>
  <datafield tag="245" ind1="1" ind2="0">
    <subfield code="a">Santo Domingo :</subfield>
    <subfield code="b">estudio y soluci&#xF3;n nueva de la cuesti&#xF3;n haitiana /</subfield>
    <subfield code="c">R. Lepellertier de Saint Remy ;traducci&#xF3;n de Gustavo Amig&#xF3;.</subfield>
  </datafield>
  <datafield tag="260" ind1=" " ind2=" ">
    <subfield code="a">Santo Domingo :</subfield>
    <subfield code="b">Editora de Santo Domingo, </subfield>
    <subfield code="c">1978.</subfield>
  </datafield>
  <datafield tag="300" ind1=" " ind2=" ">
    <subfield code="a">v. ;</subfield>
    <subfield code="c">map.</subfield>
  </datafield>
  <datafield tag="490" ind1="0" ind2=" ">
    <subfield code="a">Sociedad Dominicana de Bibli&#xF3;filos ;</subfield>
    <subfield code="a">Cultura dominicana ;</subfield>
    <subfield code="v"> 26</subfield>
  </datafield>
  <datafield tag="500" ind1=" " ind2=" ">
    <subfield code="a">Incluye referencias bibliogr&#xE1;ficas y notas al pie de las p&#xE1;ginas</subfield>
  </datafield>
  <datafield tag="500" ind1=" " ind2=" ">
    <subfield code="a"> </subfield>
  </datafield>
  <datafield tag="504" ind1=" " ind2=" ">
    <subfield code="a">Bibliogr&#xE1;ficas : (p. 393-405)</subfield>
  </datafield>
  <datafield tag="505" ind1="0" ind2=" ">
    <subfield code="a">V. II : Negociaciones de 1814 a 1825 -- De la ordenanza de 1825 a los tratados de 1838 -- Cuesti&#xF3;n financiera -- Nueva situaci&#xF3;n econ&#xF3;mica -- Recursos y ventajas de la parte oriental de Santo Domingo -- Situaci&#xF3;n econ&#xF3;mica de la Rep&#xFA;blica Dominicana -- Saman&#xE1; -- Saman&#xE1;: esbozo econ&#xF3;mico -- Saman&#xE1;. Cuesti&#xF3;n de los caf&#xE9;s -- Aplicaci&#xF3;n a Santo Domingo de la combinaci&#xF3;n de las tasas intermedias -- Hip&#xF3;tesis de la ocupaci&#xF3;n de Saman&#xE1; por Francia -- Conclusi&#xF3;n</subfield>
  </datafield>
  <datafield tag="590" ind1=" " ind2=" ">
    <subfield code="6">Inventariado, 2023/VM</subfield>
  </datafield>
  <datafield tag="650" ind1=" " ind2="4">
    <subfield code="a">Franceses en Santo Domingo (Republica Dominicana) </subfield>
    <subfield code="x">Historia</subfield>
  </datafield>
  <datafield tag="650" ind1=" " ind2="4">
    <subfield code="a">Cuesti&#xF3;n haitiana. </subfield>
  </datafield>
  <datafield tag="651" ind1=" " ind2="4">
    <subfield code="a">Rep&#xFA;blica Dominicana </subfield>
    <subfield code="x">Historia.</subfield>
  </datafield>
  <datafield tag="700" ind1="1" ind2=" ">
    <subfield code="a"> Amig&#xF3;, Gustavo</subfield>
    <subfield code="e">tr.</subfield>
  </datafield>
  <datafield tag="910" ind1=" " ind2=" ">
    <subfield code="a">VMateo V. Control de calidad (BPMSU)</subfield>
  </datafield>
  <datafield tag="942" ind1=" " ind2=" ">
    <subfield code="2">ddc</subfield>
    <subfield code="c">BK</subfield>
  </datafield>
  <datafield tag="952" ind1=" " ind2=" ">
    <subfield code="0">0</subfield>
    <subfield code="1">0</subfield>
    <subfield code="2">ddc</subfield>
    <subfield code="4">0</subfield>
    <subfield code="7">0</subfield>
    <subfield code="8">CD</subfield>
    <subfield code="a">BPMET</subfield>
    <subfield code="b">BPMET</subfield>
    <subfield code="d">2023-05-03</subfield>
    <subfield code="l">0</subfield>
    <subfield code="o">BPMSU CD 972.9307294 L595s 1978</subfield>
    <subfield code="p">BPMSU23050006</subfield>
    <subfield code="r">2023-05-03</subfield>
    <subfield code="t">v.1</subfield>
    <subfield code="w">2023-05-03</subfield>
    <subfield code="y">BK</subfield>
  </datafield>
  <datafield tag="999" ind1=" " ind2=" ">
    <subfield code="c">14389</subfield>
    <subfield code="d">14389</subfield>
  </datafield>
</record>
